000 00331nam a22001337a 4500
008 250325b |||||||| |||| 00| 0 eng d
020 _a1575253119
050 _aPN2598
_b.Y67
100 _aYORK Micheal
245 _aDispatches from Armageddon
260 _aCalifornia
_bWhite Rose Production
_c2001
300 _a291p.
942 _cBK
999 _c2653
_d2653